[Event "Chigorin Mem. Russian Cup 2017"]
[Site "St. Petersburg"]
[Date "2017.10.24"]
[Round "4"]
[White "Sethuraman, S P"]
[Black "Abdusattorov, Nodirbek"]
[Result "0-1"]
[WhiteElo "2632"]
[BlackElo "2498"]
[Annotator "TA"]
[PlyCount "176"]
[EventDate "2017.??.??"]
[EventType "swiss"]
[EventCountry "RUS"]
[SourceTitle "playchess.com"]
[Source "ChessBase"]
[SourceQuality "1"]

{[%evp 17,176,21,30,20,15,18,22,14,14,24,22,24,35,8,18,10,42,41,32,34,56,29,39,37,75,72,74,67,68,8,10,0,35,0,20,18,14,21,26,-22,-10,-15,-10,-10,-10,-10,-13,-24,0,0,0,0,0,0,0,0,0,0,0,0,0,-18,82,69,72,70,82,124,213,204,208,192,191,96,90,14,16,22,16,0,0,0,14,0,0,0,14,-128,-135,-297,-285,-263,-194,-206,-206,-203,-202,-203,-203,-195,-203,-193,-177,-182,-75,-79,-70,-88,-73,-98,-97,-93,-89,-95,-108,-103,-56,-50,-46,-45,-52,-97,-104,-110,-87,-211,-218,-393,-268,-400,-447,-536,-484,-504,-219,-745,-681,-464,-454,-1670,-1588,-1476,-1321,-1184,-1002,-2813,-2813,-2737,-2507,-2788,-2752,-2814,-2254,-1762,-1279,-29955,-29954,-12822,-5806,-29982,-29983]} 1. e4 e5 2. Nf3 Nc6 3. Bb5 a6 4. Ba4 Nf6 5. O-O Be7 6. d3 b5 7. Bb3 d6 8. a3 {C84: Closed Ruy Lopez: Unusual White 6th moves} Be6 9. Bxe6 fxe6 {LiveBook: 15 Games} 10. Be3 {White has an edge.} O-O 11. Nbd2 Ng4 12. c4 Nxe3 13. fxe3 {[#]} Qb8 $146 ({Predecessor:} 13... Qd7 14. b4 Rfb8 15. Qc2 Nd8 {1-0 (42) Leko,P (2737)-Eljanov,P (2707) Kiev 2013}) 14. Qb3 Rf6 15. Rac1 {Black should prevent cxb5.} Qb6 16. Rfe1 Nd8 17. c5 dxc5 18. Nxe5 Qd6 19. Nef3 (19. Ndf3 {seems wilder.} Nf7 20. d4 c4 21. Qc2 Rh6 22. Nxf7 Kxf7 23. b3) 19... Rf8 20. Qc2 Nb7 {[%cal Bd8b7,Bb7a5,Ba5b3][%mdl 32]} 21. e5 $1 {[%cal Re5d6]} Qd5 22. Ne4 Rad8 23. Rcd1 (23. Red1 $14) 23... Na5 $1 $11 24. Nc3 Qd7 25. Qf2 Qe8 26. Qg3 Qh5 27. Ne4 Nb3 28. Qf2 (28. h4 {keeps more tension.} a5 29. Rf1 a4 30. Qh3 Qg6 31. Nfg5) 28... Qg6 29. Qg3 Qxg3 30. hxg3 Rd5 31. Nc3 Rd7 32. Kf2 c6 33. Ke2 Rfd8 34. Ne4 Rd5 35. g4 h6 36. Rh1 a5 37. Nc3 R5d7 38. Ne4 Rd5 $1 39. a4 Rb8 (39... bxa4 $11 {keeps the balance.} 40. Nc3 R5d7) 40. g5 hxg5 41. Rh5 ({Much worse is} 41. Nfxg5 Bxg5 42. Nxg5 Rxe5 $11) 41... Kf7 42. g4 ({Much weaker is} 42. Nexg5+ $6 Bxg5 43. Rxg5 c4 $11) 42... Rf8 (42... Kg6 $16 {might work better.}) 43. Nfxg5+ $18 Bxg5 44. Rxg5 ({Don't do} 44. Nxg5+ $6 Ke7 $14) 44... Kg8 45. Rh1 (45. Rh5 $18) 45... c4 $16 46. dxc4 (46. d4 $16 {Hoping for Nd6.} b4 47. Rh6) 46... bxc4 $11 47. Rgh5 Kf7 48. Rg5 Kg8 49. Rgh5 Kf7 50. Nd6+ Kg6 {...Rd2+ is the strong threat.} 51. Ne4 Kf7 52. g5 (52. Rf1+ $11 Ke7 53. Rxf8 Kxf8 54. Rh8+ Ke7 55. Rg8) 52... Kg6 $17 53. Rh8 $2 {[#]} (53. R5h4 $17) 53... Nc1+ $1 $19 {[%mdl 512]} 54. Ke1 (54. Rxc1 Rxh8) 54... Nd3+ 55. Ke2 Rxh8 56. Rxh8 Rxe5 {[%mdl 4096] Endgame KRN-KRN} 57. Kf3 Nxb2 58. Rc8 Nxa4 59. Rxc6 Nb2 60. Nc5 Kf7 (60... a4 $19 61. Nxe6 Kf7) 61. Rc7+ $17 {[#]} Ke8 $1 62. Ne4 g6 63. Rb7 Nd3 64. Nd6+ Kf8 65. Nxc4 Rxg5 66. Ke2 Rd5 67. Ra7 Nc1+ 68. Kf3 Nb3 69. e4 {[#]} Rc5 $1 {[%cal Rc5c4]} 70. Nb6 Rb5 71. Nd7+ (71. Nc4 $17) 71... Ke7 $19 72. e5 $2 (72. Ne5+ Kf6 73. Nd7+ Kg5 74. Ra6) 72... Nd4+ 73. Kf4 (73. Ke4 $142 Nc6 74. Rc7 Rb4+ 75. Ke3 Nxe5 76. Nxe5+ Kd6 77. Ra7 Kxe5 78. Rxa5+ Kf6 79. Ra8) 73... Nc6 74. Rc7 {Black must now prevent Nc5+.} Kd8 75. Rxc6 {Threatens to win with Nc5.} Kxd7 {KR-KR} 76. Rd6+ $2 (76. Ra6) 76... Ke7 77. Ra6 {[#]} g5+ $1 78. Kxg5 (78. Ke4 $142 Kf7 79. Ra7+ Kg6 80. Ra6 Rb4+ 81. Kd3) 78... Rxe5+ 79. Kf4 Rb5 80. Ke4 Kf6 81. Ra8 Rb4+ 82. Ke3 a4 {[%cal Ba5a4,Ba4a3,Ba3a2][%mdl 32]} 83. Ra5 Rh4 84. Kf2 e5 85. Ra8 Kf5 86. Ke3 Rh3+ 87. Kd2 a3 88. Ra4 {[#]} a2 $1 {Precision: White = 42%, Black = 71%.} 0-1

[Event "Chigorin Mem. Russian Cup 2017"]
[Site "St. Petersburg"]
[Date "2017.10.24"]
[Round "4"]
[White "Alekseenko, Kirill"]
[Black "Zakhartsov, Vladimir"]
[Result "1-0"]
[WhiteElo "2563"]
[BlackElo "2461"]
[Annotator "TA"]
[PlyCount "179"]
[EventDate "2017.??.??"]
[EventType "swiss"]
[EventCountry "RUS"]
[SourceTitle "playchess.com"]
[Source "ChessBase"]
[SourceQuality "1"]

{[%evp 37,179,0,8,2,9,-33,0,0,0,-50,-47,-54,53,47,55,50,58,46,183,150,166,153,214,169,170,164,370,352,423,327,358,345,335,337,589,589,585,566,502,185,146,87,87,87,87,73,78,72,81,78,87,87,87,87,87,70,70,72,77,62,61,53,56,53,252,75,74,74,71,58,64,65,108,110,139,76,112,99,135,85,84,84,81,84,81,72,144,76,144,74,74,74,74,74,107,104,143,129,141,102,120,128,146,144,163,104,135,128,120,0,128,128,128,129,128,128,137,131,203,120,182,181,204,204,456,460,616,290,717,392,392,392,392,392,392,392,6804,5888,29986,29987,29987,29988,29988,29989]} 1. e4 e5 2. Nf3 Nc6 3. Bb5 a6 4. Ba4 Nf6 5. O-O Be7 6. Re1 b5 7. Bb3 d6 8. c3 O-O 9. h3 Nb8 10. d4 Nbd7 11. Nbd2 Bb7 12. Bc2 Re8 13. a4 Bf8 14. Bd3 c6 15. b3 Qc7 {C95: Closed Ruy Lopez: Breyer Variation with 10 d4} 16. Qc2 g6 17. Bb2 Bg7 18. Rad1 (18. b4 Nh5 19. Bf1 Nf4 20. dxe5 Nxe5 21. Nxe5 Bxe5 22. c4 Bxb2 23. Qxb2 bxa4 24. c5 {1-0 (50) Smirin,I (2676)-Efimenko,Z (2655) Warsaw 2016}) 18... Rac8 19. b4 Nb6 {LiveBook: 4 Games} 20. a5 Na4 21. Ba1 c5 22. bxc5 dxc5 23. dxe5 Nd7 24. c4 Qxa5 $146 (24... Bc6 $1 $15) 25. Qb3 $1 $36 {[%cal Rc4b5][%mdl 2048] White is pushing.} Bc6 {[%cal Rd7e5]} 26. cxb5 $1 axb5 {[%cal Rd7e5]} 27. Ng5 $1 c4 {[#]} (27... Nxe5 $14 28. Bxe5 c4 29. Bxc4 bxc4 30. Nxc4 Qb5 31. Qxb5 Bxb5 32. Bxg7 Rxc4) 28. Nxc4 $1 $18 {[%mdl 512]} bxc4 29. Bxc4 Nac5 (29... Re7 $16 {was worth a try.}) 30. Bxf7+ Kh8 31. Qg3 $1 {[%cal Rg3h4] Black must now prevent Qh4.} Rxe5 $2 {[#]} (31... Nf8 32. Bd5 (32. Bxe8 Bxe8 33. f4 h6 $16) 32... Rc7) 32. Bxg6 $1 {[%mdl 512]} hxg6 33. Nf7+ Kg8 34. Nxe5 Nxe5 35. Bxe5 Nxe4 $2 (35... Ne6) 36. Qb3+ Kh7 37. Bxg7 Kxg7 {[#]} 38. Rc1 $2 (38. Rxe4 $1 {[%mdl 512] Threatening mate with Re7+.} Bxe4 39. Rd7+ Kh6 40. Qe3+ Qg5 41. Rh7+ $1 {[%mdl 512]} Kxh7 42. Qxg5) 38... Re8 39. Qb2+ (39. Red1 $142 $1 Qb5 40. Qe3) 39... Nf6 $16 40. Red1 Re6 41. Rc3 Qe5 42. Qc1 Qe4 {[%csl Gc6][%cal Re4g2]} 43. f3 Qa4 44. Kh1 Qa8 45. Ra3 Qb8 46. Qc4 Bd5 47. Qd4 Qg3 48. Ra7+ Kh6 {( -> ...Re2)} 49. Qd2+ g5 50. Qc3 {Hoping for Rf7.} Qb8 $2 (50... Kg6 $14) 51. Rc7 $2 (51. Rf7 $18 {and the rest is easy.} Qd6 52. Rxf6+ $1 {[%mdl 512]} Rxf6 53. Rxd5 $1 {[%mdl 512]} Qxd5 54. Qxf6+ Kh7 55. h4 Qd1+ 56. Kh2 gxh4 57. Qxh4+ Kg8 58. Qf6) 51... Qb3 52. Qxb3 Bxb3 53. Rd8 Kg6 54. Kh2 Re2 {[#]} 55. Rc6 $1 Re6 {[#]} 56. Rc5 (56. Rxe6 $142 $1 Bxe6 57. g4) 56... Re2 57. Rd6 Re6 58. Rd3 Rb6 59. Re3 Bf7 60. Ree5 Nh7 61. Ra5 Re6 (61... Bc4 $142 62. Rec5 Bf1) 62. Rec5 (62. Rxe6+ $142 Bxe6 63. g4) 62... Re2 (62... Rf6 $142 63. Re5 Rc6) 63. Kg1 (63. Rc6+ $142 Re6 64. Rc7) 63... Re6 64. Kf2 Rb6 65. g4 Rf6 66. Kg3 Be8 67. Rc3 Nf8 68. Ra8 Bd7 69. Rc7 Be6 70. Rc6 Nh7 71. Rc5 ({Better is} 71. Raa6 $18 Nf8 72. Rcb6) 71... Bb3 72. Ra3 Bf7 73. Raa5 (73. h4 $16) 73... Bb3 (73... Be8 $1 $11 {keeps the balance.}) 74. Rc3 Bf7 75. h4 gxh4+ 76. Kxh4 Nf8 77. Kg3 Ne6 (77... Rb6 $16 78. f4 Kg7 79. Rg5+ Kh6) 78. Ra4 ({White should try} 78. Rc6 $18) 78... Be8 (78... Nd8 $16 {keeps fighting.} 79. f4 Rb6) 79. Rb4 $18 Bd7 80. f4 {[%cal Bf3f4,Bf4f5][%mdl 32] Threatens to win with f5+.} Ng7 $2 (80... Nf8 81. Rb8 Rf7 82. Rb6+ Kg7) 81. Rc7 Be6 82. Re4 (82. Rbb7 $142 Ne8 83. Re7) 82... Ba2 $2 (82... Rf7 83. Rc6 Kh7 84. Rexe6 Nxe6 85. Rxe6 Kg7) 83. Re5 Rf7 84. Rc6+ Kh7 85. f5 Rf8 86. Kh4 Bb1 $2 (86... Kg8 87. f6 Ne6 88. Rexe6 Bxe6 89. Rxe6 Kf7) 87. Kg5 Ne8 88. Re7+ {White mates.} Kh8 89. Rh6+ Kg8 90. Rg6+ {Precision: White = 61%, Black = 27%.} 1-0

[Event "Chigorin Mem. Russian Cup 2017"]
[Site "St. Petersburg"]
[Date "2017.10.24"]
[Round "4"]
[White "Alekseenko, Kirill"]
[Black "Zakhartsov, Vladimir"]
[Result "*"]
[WhiteElo "2563"]
[BlackElo "2461"]
[Annotator "TA"]
[PlyCount "52"]
[EventDate "2017.??.??"]
[EventType "swiss"]
[EventCountry "RUS"]
[SourceTitle "playchess.com"]
[Source "ChessBase"]
[SourceQuality "1"]

{[%evp 34,36,31,16,22]} 1. e4 e5 2. Nf3 Nc6 3. Bb5 a6 4. Ba4 Nf6 5. O-O Be7 6. Re1 b5 7. Bb3 d6 8. c3 O-O 9. h3 Nb8 10. d4 Nbd7 11. Nbd2 Bb7 12. Bc2 Re8 13. a4 Bf8 14. Bd3 c6 15. b3 Qc7 {C95: Closed Ruy Lopez: Breyer Variation with 10 d4} 16. Qc2 g6 17. Bb2 Bg7 18. Rad1 {LiveBook: 5 Games} Rac8 {[#]} {Predecessor:} 19. Qb1 $146 Rcd8 20. Qa1 Nh5 21. Bf1 Nf4 22. c4 b4 23. c5 d5 24. Nxe5 Nxe5 25. dxe5 Bxe5 26. Bxe5 Rxe5 {1-0 (38) Nisipeanu,L (2659)-Sanikidze,T (2524) Konya 2011} *

[Event "Chigorin Mem. Russian Cup 2017"]
[Site "St. Petersburg"]
[Date "2017.10.24"]
[Round "4"]
[White "Paravyan, David"]
[Black "Li, Yankai"]
[Result "1/2-1/2"]
[WhiteElo "2548"]
[BlackElo "2455"]
[Annotator "TA"]
[PlyCount "55"]
[EventDate "2017.??.??"]
[EventType "swiss"]
[EventCountry "RUS"]
[SourceTitle "playchess.com"]
[Source "ChessBase"]
[SourceQuality "1"]

{[%evp 28,55,4,0,0,0,29,0,0,0,0,0,22,19,23,27,35,-12,-27,-29,-38,-37,-33,-190,0,-37,0,-189,0,-33]} 1. e4 e5 2. Nf3 Nc6 3. Bb5 a6 4. Ba4 Nf6 5. O-O Be7 6. d3 b5 7. Bb3 O-O 8. Nc3 d6 9. a3 Bg4 10. Be3 Nd4 {C84: Closed Ruy Lopez: Unusual White 6th moves} 11. Bxd4 exd4 12. Nd5 Nd7 (12... Nxd5 13. Bxd5 Rc8 14. Bc6 Bf6 15. a4 Bd7 16. Bxd7 Qxd7 17. Qd2 Qc6 18. b3 {1-0 (64) Vachier Lagrave,M (2804)-Aronian,L (2799) Tbilisi 2017}) 13. h3 Bxf3 14. Qxf3 c6 15. Nxe7+ {LiveBook: 14 Games} Qxe7 16. Qg3 a5 17. a4 $146 ({Predecessor:} 17. f4 c5 18. a4 bxa4 19. Bxa4 {1-0 (48) Daulyte,D (2405)-Brorsen,J (2179) Helsingor 2014}) 17... Nc5 18. axb5 Nxb3 19. cxb3 c5 20. b4 cxb4 21. Rfc1 {Strongly threatening b6.} Rfb8 22. b6 Qd8 $1 23. Rc7 {Qf3 is the strong threat.} Rxb6 24. Rac1 Rbb8 25. R7c6 $2 {[#]} (25. Qf4 $15 Qf8 26. Rd7) 25... Rb6 $2 ({Better is} 25... a4 $1 $19 26. Rxd6 Qf8 27. Rxd4 a3) 26. Rc7 $15 Rbb8 $2 (26... Qf8 $15) 27. R7c6 $1 $19 {[#]} Rb6 $2 (27... a4 $1 $19 {aiming for ...a3.} 28. Rxd6 Qe8 29. Rxd4 a3) 28. Rc7 {Precision: White = 58%, Black = 44%.} 1/2-1/2

[Event "Chigorin Mem. Russian Cup 2017"]
[Site "St. Petersburg"]
[Date "2017.10.24"]
[Round "4"]
[White "Vakhidov, Jakhongir"]
[Black "Artemiev, Vladislav"]
[Result "0-1"]
[WhiteElo "2498"]
[BlackElo "2696"]
[Annotator "TA"]
[PlyCount "154"]
[EventDate "2017.??.??"]
[EventType "swiss"]
[EventCountry "RUS"]
[SourceTitle "playchess.com"]
[Source "ChessBase"]
[SourceQuality "1"]

{[%evp 20,154,42,49,55,64,75,72,86,71,66,21,58,25,38,13,13,17,75,75,75,75,75,75,75,75,84,84,82,75,83,0,75,53,66,53,53,53,83,48,47,63,47,14,14,14,32,14,14,0,14,0,20,18,18,15,26,8,14,14,14,14,55,22,22,0,22,0,29,29,29,29,56,0,29,0,0,0,0,0,0,0,0,-5,8,20,66,0,19,19,54,70,102,106,91,98,745,745,741,66,66,59,51,47,1710,1305,1189,1008,757,0,383,0,0,0,0,0,0,-8,-27,-428,-424,-359,-97,-110,-41,-51,-32,-30,0,-5081,-2023,-29984,-29985,-29985,-29986,-29985,-29986]} 1. d4 Nf6 2. c4 g6 3. Nc3 d5 4. Nf3 Bg7 5. cxd5 Nxd5 6. e4 Nxc3 7. bxc3 c5 8. Rb1 O-O 9. Be2 Nc6 10. d5 Na5 11. c4 {LiveBook: 8 Partien} Bg4 {D85: Grünfeldindisch (Abtauschvariante, 7.Sf3 bzw nicht 7.Lc4)} (11... e6 12. O-O exd5 13. cxd5 b6 14. Bb2 Bxb2 15. Rxb2 Re8 16. e5 Bb7 17. Rd2 c4 18. Re1 Rc8 19. Rd4 {0-1 (64) Emeliantsev,A (2361)-Belous,V (2584) Vladivostok 2014}) 12. Qc2 Bxf3 $146 ({Vorgänger:} 12... Qc7 13. O-O b6 14. Bb2 e5 15. dxe6 Bxe6 16. Bxg7 Kxg7 17. Qc3+ Kg8 18. Ne5 Rae8 19. Rbe1 {½-½ (56) Chatterjee,D (2307)-Ahmed,J (2155) Dhaka 2012}) 13. Bxf3 Bd4 {Weiß steht besser.} 14. h4 {[%cal Bh2h4,Bh4h5][%mdl 32]} e6 15. h5 Re8 16. O-O Qh4 17. Bb2 (17. Bd2 {is more complex.} b6 18. Qc1 exd5 19. Bg5 Qg3 20. cxd5 Qd6 21. Re1) 17... Bxb2 $1 18. Rxb2 e5 (18... Qf6 $11) 19. g3 $16 Qf6 20. Kg2 b6 21. Rh1 Nb7 22. Rbb1 Nd6 23. a4 Rab8 24. Rh4 Kf8 25. Rhh1 (25. hxg6 $16 hxg6 26. Rh7) 25... Rb7 (25... Kg8 $11) 26. a5 (26. Be2 {seems wilder.} Kg7 27. Ra1 Reb8 28. Bg4 h6 29. Qe2) 26... Reb8 27. axb6 Rxb6 28. Rxb6 Rxb6 29. hxg6 hxg6 30. Ra1 a6 31. Qc3 Kg7 32. Ra4 Nb7 33. Bg4 {Schwarz muss nun f4 beachten.} Nd6 34. Bf3 g5 35. Qe3 Rb2 36. Be2 Nb7 37. Ra1 a5 38. Bd3 Rb4 39. Qe2 Rb3 40. Qc2 Qb6 41. Qd2 Qf6 42. Qc2 Rb4 43. Qe2 Kf8 44. Ra3 Ke7 45. Bc2 Rb2 46. Qd2 g4 47. Qc1 Rb4 48. Bd1 Qg6 49. Re3 Nd6 50. Be2 a4 51. Qd1 Qh6 52. Bxg4 Rxc4 53. Qb1 ({Lieber} 53. Be2 $14 Rb4 54. Qc2) 53... Rb4 54. Qc2 Rc4 55. Qb2 Qg5 {[#]} 56. Bf5 $1 {[%mdl 512]} Qf6 (56... Nxf5 57. Qxe5+) 57. Qb8 Nxf5 $4 {[%mdl 8192]} (57... Rb4 $16 58. Qa7+ Kf8) 58. exf5 {[%mdl 4096] Endspiel KDT-KDT} e4 59. Qb5 $2 ({Günstiger ist} 59. Qc7+ $18 Kf8 60. g4) 59... Qd4 $14 60. Qc6 Qe5 61. g4 Qf4 $2 {[%mdl 8192]} (61... Qd6 $14) 62. Qb7+ Kf8 63. Qa8+ Ke7 64. Qa6 $2 (64. Qa7+ $18 Kf8 65. Rh3) 64... Rd4 $2 {[%mdl 8192] [#]} (64... Rc2 $1 $11 65. f6+ Kd8 66. Qa8+ Kc7 67. d6+ Kb6 68. Qd8+ Kc6 69. Qa8+ Kb5 70. Qb7+ Ka5 71. Qa8+ Kb6 72. Qd8+ Kc6 73. Qa8+ Kb5 74. Qb7+ Ka5 75. Qc7+ Ka6 76. Qc6+ Ka5 77. Qc7+ Ka6 78. Qc6+ Ka5 79. Qa8+ Kb6) 65. Qa7+ $2 (65. f6+ $1 $18 {[%mdl 512]} Qxf6 66. Qb7+ Kf8 67. Qc8+ Kg7 68. g5) 65... Kf6 $1 $11 66. Qxc5 Rd3 $36 {[%mdl 2048] Schwarz drückt.} 67. Qb6+ Kg7 {Droht stark ...a3.} (67... Kg5 $5 68. Qd8+ $8 Kxg4 69. Qg8+ Qg5 70. Rxe4+ Kxf5+ 71. Qxg5+ Kxg5 $11) 68. Qb2+ Kg8 {Droht ...a3 und aus.} 69. Rg3 $2 {[%mdl 8192]} ({Nicht} 69. Qe2 $2 Rxe3 70. fxe3 {[#]} Qf3+ $1 {[%mdl 512]} 71. Qxf3 exf3+ 72. Kxf3 a3 $19) (69. d6 $1 $11 {und Weiss steht sicher.}) 69... a3 $1 $19 {[%cal Ra3b2]} 70. Qc2 Rxg3+ $2 (70... Kg7 $19 {ist viel giftiger. zielt auf ...Txg3+ ab.} 71. d6 Qxd6) 71. fxg3 $17 Qxg4 $19 {KD-KD} ({Besser ist} 71... Qf3+ $17 72. Kh2 Qd3 73. Qc8+ Kg7) 72. d6 $1 $15 {[%cal Rd6d7] Und d7 würde nun gewinnen.} Qf3+ (72... Qxf5 $2 73. Qa4 $19) 73. Kh2 Qxf5 74. Qc7 $2 {[%mdl 8192]} (74. Qd1 $11 Qf2+ 75. Kh3 Qf5+ 76. g4) 74... a2 (74... Qh5+ $142 75. Kg2 Qe2+ 76. Kh3 a2 77. Qc8+ Kg7 78. Qc3+ Kg6) 75. d7 Qh5+ {Schwarz setzt Matt.} 76. Kg2 a1=Q 77. d8=Q+ Kg7 {Precision: Weiß = 35%, Schwarz = 33%.} 0-1

[Event "Chigorin Mem. Russian Cup 2017"]
[Site "St. Petersburg"]
[Date "2017.10.24"]
[Round "4"]
[White "Lugovskoy, Maxim"]
[Black "Gordievsky, Dmitry"]
[Result "1/2-1/2"]
[WhiteElo "2474"]
[BlackElo "2605"]
[Annotator "TA"]
[PlyCount "255"]
[EventDate "2017.??.??"]
[EventType "swiss"]
[EventCountry "RUS"]
[SourceTitle "playchess.com"]
[Source "ChessBase"]
[SourceQuality "1"]

{[%evp 17,255,13,18,10,22,0,7,0,0,-7,-7,-9,-9,-16,-16,-21,-21,-34,-32,-69,-67,-72,-72,-70,-65,-65,-65,-65,-65,-65,-65,-65,-65,-65,-54,-75,-75,-76,-77,-77,-77,-79,-76,-84,-84,-84,-84,-84,-84,-77,-73,-73,-77,-84,-84,-85,-85,-85,-81,-77,0,-85,-88,-78,-69,-69,-59,-59,-59,-60,-59,-60,-52,-52,-53,-53,-22,-22,0,-60,-60,-60,-60,-60,-58,-58,0,-58,-58,-60,-60,-60,-60,-62,-63,-63,-37,-63,-64,-64,-64,-64,-64,-64,-64,-64,-64,-64,-64,-57,-57,-72,-30,-30,0,-80,0,-30,-30,-30,-30,-30,-30,-30,-30,-30,-30,-30,-30,-30,-30,-30,-30,-30,-30,-30,-30,-30,0,-30,-30,-51,-30,-30,-30,-30,0,-30,0,-31,0,-57,-57,-76,-64,-48,-48,-70,-70,-99,-91,-110,-110,-110,-110,-110,-110,-110,-110,-110,-110,-110,-110,-110,-110,-110,-110,-110,-110,-110,-110,-110,-110,-110,-110,-110,0,-110,0,-110,-110,-110,-110,-110,-83,-83,-83,-89,-89,-89,-89,-89,-89,-89,-89,-89,-89,-89,-89,-89,-89,-89,-89,-89,-89,-89,-89,-89,-89,-89,-89,-89,-89,-89,-89,-89,-89,-89,-89,-89,-89,-89,-89,-89,-89,-89,0,-96,-96,-96]} 1. e4 g6 2. d4 Bg7 3. Nf3 d6 4. Nc3 Nf6 5. Be2 O-O 6. O-O a6 7. a4 Nc6 8. Be3 {B08: Pirc-Ufimzew-Verteidigung} e5 9. dxe5 dxe5 {LiveBook: 4 Partien} 10. Qxd8 {Die Stellung ist ausgeglichen.} Rxd8 11. Rfd1 Bg4 12. Rxd8+ Rxd8 13. Rd1 Rxd1+ 14. Bxd1 Nb4 15. Bc5 $146 ({Vorgänger:} 15. Kf1 Bxf3 16. gxf3 {½-½ (39) Vazquez,G (2374)-Mista,A (2616) Doha 2014}) 15... Bxf3 16. gxf3 Bf8 17. Bxb4 Bxb4 18. Nd5 Nxd5 19. exd5 $15 {[%mdl 4096] Endspiel KL-KL} Bd2 20. Kf1 Bc1 21. b3 Kf8 22. Ke2 Ba3 23. c3 a5 24. Bc2 Ke7 25. Bd3 Kd6 26. h3 f5 27. Bc4 Ke7 28. Bb5 Kf6 29. Bd7 Kg5 30. Kf1 Kf4 31. Ke2 Bb2 32. c4 Ba3 33. Bc8 b6 34. Be6 g5 35. Bd7 Be7 36. Be8 Bc5 37. Bf7 Bd4 38. Be8 Bc5 39. Bf7 $1 e4 40. fxe4 fxe4 41. Bh5 Ke5 42. f3 e3 43. Kd3 Kf4 44. Bg4 Kg3 45. Ke2 Kg2 46. Ke1 Bb4+ 47. Ke2 Bc5 48. Ke1 $1 h6 49. Ke2 Kg3 50. Ke1 Kh4 51. Be6 Kg3 52. Bg4 $1 Kf4 53. Ke2 Bb4 54. Bh5 Bd2 55. Bg4 Ke5 56. Kd3 Bc1 57. Bh5 Kd6 58. Bg6 Kc5 59. Be8 Kb4 60. Bf7 Bd2 (60... Kxb3 61. c5 $1 $18 {[%mdl 512]}) 61. Bg8 h5 {[%cal Bh6h5,Bh5h4][%mdl 32]} (61... Kxb3 $2 62. c5 $1 $18 {[%mdl 512]}) 62. Bf7 h4 63. Bg8 Ka3 (63... Kxb3 64. c5 $1 $18 {[%mdl 512]}) 64. Bf7 Bc1 (64... Kxb3 65. c5 $1 $16 {[%mdl 512]}) 65. Be6 Bd2 66. Bf7 $1 Kb4 (66... Kxb3 67. c5 $1 $18 {[%mdl 512]}) (66... Bb4 $17 67. Kxe3 Kxb3) 67. Be6 Kc5 68. Bg4 Kd6 69. Bc8 Ke5 70. Bd7 Kf4 71. Ke2 Bb4 72. Bg4 Bf8 73. Kd3 Bc5 74. Ke2 Ke5 75. Kd3 $1 Bd4 76. Bh5 Kf4 {Und ...Kg3 würde nun gewinnen.} 77. Bg4 Bc5 78. Ke2 Bb4 79. Kd3 Bd2 (79... Be1 {keeps more tension.} 80. Ke2 Bf2 81. Bd7 Ke5 82. Kd3 Kd6) 80. Ke2 Ke5 81. Kd3 $1 Kd6 82. Bc8 Kc5 83. Be6 Kb4 84. Bf7 ({Besser ist} 84. Bg8 $1 $11) 84... Ka3 (84... Kxb3 $2 85. c5 $1 $18 {[%mdl 512]}) 85. Be6 Kb2 (85... Kxb3 86. c5 $1 $18 {[%mdl 512]}) 86. Bf7 Kc1 {...Kd1 ist eine echte Drohung.} (86... Kxb3 87. c5 $1 $18 {[%mdl 512]}) 87. Ke2 Kc2 88. Be6 Kc3 (88... Kxb3 {[#]} 89. c5 $1 $18 {[%mdl 512]}) 89. Bf7 Kd4 90. Be6 Bb4 91. Bd7 Bc5 92. Be8 Kc3 93. Bb5 Kxb3 94. Kd3 Kb2 95. Ba6 Kc1 96. Ke2 Kc2 97. Bb5 Kc3 98. Ba6 Kd4 99. Bb5 Bd6 100. Ba6 Bf4 101. Bb5 Bd6 102. Ba6 $1 Bc5 103. Bb5 Ke5 104. Bd7 Kf4 105. Bg4 {[#]} b5 $1 {[%mdl 512]} 106. cxb5 (106. axb5 a4) 106... Ke5 107. Be6 Kd4 108. Kd1 Kc3 109. Bf5 Kc4 110. Be4 Bb6 111. Bc2 Kxd5 112. Ke2 Kd4 113. Bd1 Kc3 114. Ke1 Bc5 115. Be2 Bb4 {Droht ...Kb3+ und aus.} 116. Kf1 Kc2 117. Bc4 Kd2 118. Be2 Kc3 119. Bd1 Kd4 (119... Kc4 {with more complications.} 120. Ke2 Bc5 121. Bc2 Kc3 122. Bd1 Kd4) 120. Be2 Bd6 121. Bd1 Ke5 122. Be2 Kf4 {zielt auf ...Kg3 ab.} 123. Kg2 Bc5 124. Kh2 Ke5 125. Kg2 Kd4 126. Kf1 Kc3 ({Günstiger ist} 126... Bb4 $17 127. b6 cxb6) 127. Bd1 (127. Ke1 $11 {bleibt in der Remisbreite.}) 127... Bd6 128. Be2 {Precision: Weiß = 75%, Schwarz = 79%.} 1/2-1/2

[Event "Chigorin Mem. Russian Cup 2017"]
[Site "St. Petersburg"]
[Date "2017.10.24"]
[Round "4"]
[White "Lugovskoy, Maxim"]
[Black "Gordievsky, Dmitry"]
[Result "*"]
[WhiteElo "2474"]
[BlackElo "2605"]
[Annotator "TA"]
[PlyCount "30"]
[EventDate "2017.??.??"]
[EventType "swiss"]
[EventCountry "RUS"]
[SourceTitle "playchess.com"]
[Source "ChessBase"]
[SourceQuality "1"]

{[%evp 17,20,14,17,22,22]} 1. e4 g6 2. d4 Bg7 3. Nf3 d6 4. Nc3 Nf6 5. Be2 O-O 6. O-O a6 7. a4 Nc6 8. Be3 {B08: Pirc Defence: Classical System} (8. h3 e5 9. d5 Ne7 10. a5 Nh5 11. Re1 h6 12. Bf1 Nf4 13. Ra3 g5 14. Ne2 Neg6 15. Ng3 Ne7 16. c4 f5 {1-0 (54) Matlakov,M (2694)-Mamedov,R (2688) Tallinn 2016}) 8... e5 9. dxe5 dxe5 {LiveBook: 4 Games} 10. Qxd8 Rxd8 {Predecessor:} 11. Bc4 $146 h6 12. h3 Be6 13. Bxe6 fxe6 14. Rfd1 Ne8 15. Ne1 Nd4 {½-½ (30) Fang,Y (2448)-Mihok,O (2506) Kecskemet 2016} *